00391 a2200109 4500245020500000100001800205700001400223700001500237260000900252300001100261035000900272 aContribution à l'identification et au recensement des plantes utilisées dans la médecine traditionnelle et la pharmacopée en Empire Centrafricain : d'après un rapport présenté à l'ACCT aAké, A. L. aAbeye, J. aGuinko, S. c1978 a139 p. a5031